| 000 | 00864nam a2200229 i 4500 | ||
|---|---|---|---|
| 001 | 162915 | ||
| 003 | ES-MaACL | ||
| 005 | 20230906212629.0 | ||
| 008 | 991104s1861 fr a |||| | fre d | ||
| 040 |
_aEUS _bspa _cEUS |
||
| 100 | 1 |
_aRamière, Henry ( _d1821-1884) _9131575 |
|
| 245 | 1 | 2 |
_aL'Eglise et la civilisation moderne / _cpar H. Ramière de la Compagnie de Jésus. |
| 260 |
_aParis [etc.] : _bLibrairie Catholique de Perisse Frères... [et 2 autres], _c[s.a.] ( _eLe Puy : _fImp. Marchessou) |
||
| 300 |
_aXX, 434 p. : _bil. ; _c22 cm. |
||
| 593 | _aEncabezamiento completado con: Enciclopedia universal ilustrada europeo-americana, t. XLIX, p. 509. | ||
| 596 | _aColofón. | ||
| 596 | _aMarca de ed. en port. | ||
| 596 | _aFecha de licencia: 1861. | ||
| 597 | _aSignaturizado. | ||
| 597 | _aAntep. | ||
| 852 |
_aES-MaACL _jG-12132 _z-- Enc. hol. |
||
| 999 |
_c162915 _d162915 |
||